| 000 | 00763nam a2200241 i 4500 | ||
|---|---|---|---|
| 001 | 105034 | ||
| 003 | ES-MaACL | ||
| 005 | 20230906183748.0 | ||
| 007 | t| | ||
| 008 | 060606s1966 xxu ||||1| eng d | ||
| 080 | _a981(093) | ||
| 245 | 0 | 2 |
_aA documentary history of Brazil / _cedited with an introduction by E. Bradford Burns. |
| 250 | _a1st. ed. | ||
| 260 |
_aNew York : _bAlfred A. Knopf, _c1966. |
||
| 300 |
_aXII, 398 p. ; _c19 cm. |
||
| 490 | 1 | _aBorzoi books on Latin America | |
| 500 | _aBiblioteca Jacinto MartÃnez Lacalle. | ||
| 651 | 4 |
_aBrasil- _xHistoria- _vFuentes. _97893 |
|
| 700 | 1 |
_aBurns, E. Bradford. _932750 |
|
| 830 | 0 |
_aBorzoi books on Latin America _9232681 |
|
| 852 |
_aES-MaACL _jE-11268 _bR.139249 |
||
| 999 |
_c105034 _d105034 |
||